000 00521nam a22001937a 4500
003 MPLRDC
005 20220104143358.0
008 210129b ||||| |||| 00| 0 eng d
020 _a957-558-390-6
082 _a859.61 ZGWX v.3A
100 _a罗贯中 原著
245 _a三国演义. 上
_c陈雅莉 改写
250 _a初版
260 _a
_b大千文化出版事业公司
_c1996
300 _b
490 _a简体版.中国文学全集;2
650 _a儿童中国文学
942 _cBK
_o859.61 ZGWX v.3A
999 _c39314
_d39304